| 000 | 00365nam a2200157Ia 4500 | ||
|---|---|---|---|
| 008 | 230711s9999||||xx |||||||||||||| ||und|| | ||
| 020 | _a978-0-140-10480-6 | ||
| 041 | _aENG | ||
| 082 |
_a800 _bTU-F |
||
| 100 | _aTully,Mark | ||
| 245 | 0 | _aNo full stops in India | |
| 260 |
_c1991 _aNew Delhi _bPenguin Books |
||
| 300 | _a336 | ||
| 650 | _aLiterature | ||
| 942 | _cBK | ||
| 999 |
_c5281 _d5281 |
||